000 00369nam a2200133Ia 4500
008 191206s9999 xx 000 0 und d
020 _a0631174729 (alk. pap
090 _aDT83.G7513
245 0 _ahistory of ancient Egypt
260 _aBlackwell
260 _cc1992
300 _a"ix, 512 p. : ill., maps ; 24 cm."
999 _c16165
_d16165